El Corazón de la oscuridad / (Registro nro. 30140)

Detalles MARC
000 -LEADER
fixed length control field 00334nam a22001337a 4500
003 - CONTROL NUMBER IDENTIFIER
control field OSt
005 - DATE AND TIME OF LATEST TRANSACTION
control field 20230728130459.0
008 - FIXED-LENGTH DATA ELEMENTS--GENERAL INFORMATION
fixed length control field 230728b |||||||| |||| 00| 0 eng d
040 ## - CATALOGING SOURCE
Transcribing agency CO-JMCR
082 04 - DEWEY DECIMAL CLASSIFICATION NUMBER
Classification number N
Item number CONc
100 10 - MAIN ENTRY--PERSONAL NAME
Personal name Conrad, Joseph,
Relator term autor
9 (RLIN) 41384
245 ## - TITLE STATEMENT
Title El Corazón de la oscuridad /
Statement of responsibility, etc. Joseph Conrad
942 ## - ADDED ENTRY ELEMENTS (KOHA)
Source of classification or shelving scheme Dewey Decimal Classification
Koha item type Books

No hay ítems disponibles.